Normal view
MARC view
- Ayesha Tabriz(110946)
Entry Personal Name
001 - CONTROL NUMBER
- control field: 128266
003 - CONTROL NUMBER IDENTIFIER
- control field: NUST
005 - DATE AND TIME OF LATEST TRANSACTION
- control field: 20250312142100.0
008 - FIXED-LENGTH DATA ELEMENTS
- fixed length control field: 250312|| aca||aabn | a|a d
040 ## - CATALOGING SOURCE
- Original cataloging agency: NUST
- Transcribing agency: NUST
100 ## - HEADING--PERSONAL NAME
- Personal name: Ayesha Tabriz(110946)
670 ## - SOURCE DATA FOUND
- Source citation: Work cat.: (NUST)613279: Ayesha Tabriz(110946), Compositional Engineering of Rare Earth Metal Doped ZnO as Electron Transport Layers for Next-Generation Solar Cells /
